00844nas a2200229Ia 4500001001100000003000900011008004100020040001300061040001300074041001300087100004600100210003000146222003000176245012100206250001100327260003800338501008600376300001700462362003500479500006400514650003600578R031/43865IT-RoPAU151124c99999999xx |||||||||||| ||und|| aIT-RoPAU cIT-RoPAU aITALIANO aTrasatti SergiogCodice Aut. SPICS: 369 aRIVISTA DEL CINEMATOGRAFO aRivista Del Cinematografo aRIVISTA DEL CINEMATOGRAFO, ANNO 45-N.02 (FEBBRAIO 1972)bCronache Della Tv: "Eneide" E "Andromeda" Occasioni Mancate a1a ed. aROMAbENTE DELLO SPETTACOLOc1972 bPaulus - SPICS - Società San Paolo EM (non-commercial uses only)cCopyright2015 a4 p. [80-83] aANNO 045, N.02 (FEBBRAIO 1972) aRiflessioni Sui Grandi Kolossal Proposti Dalla Televisione. aCINEMAvPUBBLICAZIONE PERIODICA